000
00334nam a2200157Ia 4500
003
Ost
005
20260225132553.0
008
260225s9999||||xx |||||||||||||| ||und||
040
_c
fsic
041
_a
fre
082
_a
440
100
_a
F.J tomiche
_e
Auteur
245
0
_a
Syndicalisme /
245
0
_c
F.J tomiche
942
_c
كتاب
999
_c
34273
_d
34273